Statistics for find 10 country in africa

Click here to take the quiz!

General Stats

  • This quiz has been taken 12 times
  • The average score is 1 of 15

Answers on the Map

Answers color-coded by a green-red scale on the quiz's map according to % correct below.
 

Answer Stats

Answer% Correct
mauritania
27%
lesotho
18%
morocco
18%
soudan
18%
algeria
9%
botswana
9%
eswatini
9%
mali
9%
angola
0%
kenya
0%
namibia
0%
rwanda
0%
south africa
0%
togo
0%
tunisia
0%

Score Distribution

Percentile by Number Answered

Percent of People with Each Score

Your Score History

You have not taken this quiz